Adrenalina (Record no. 207151)

MARC details
000 -CABECERA
campo de control de longitud fija 00786nam a2200265 u 4500
005 - FECHA Y HORA DE LA ÚLTIMA TRANSACCIÓN
campo de control 20230511063604.0
008 - ELEMENTOS DE LONGITUD FIJA--INFORMACIÓN GENERAL
campo de control de longitud fija 200122s2017 mx a r 000 0 spa d
020 ## - NÚMERO INTERNACIONAL NORMALIZADO PARA LIBROS
Número Internacional Estándar del Libro 9786074576771
035 ## - NÚMERO DE CONTROL DEL SISTEMA
Número de control de sistema UPN01000235056
040 ## - FUENTE DE LA CATALOGACIÓN
Centro catalogador/agencia de origen MX-MxUPN
Lengua de catalogación spa
Centro/agencia transcriptor MX-MxUPN
041 0# - CÓDIGO DE IDIOMA
Código de lengua del texto/banda sonora o título independiente spa
050 #4 - SIGNATURA TOPOGRÁFICA DE LA BIBLIOTECA DEL CONGRESO
Número de clasificación PQ7298.28 U8
Número de documento/Ítem A37 2017
100 1# - ASIENTO PRINCIPAL--NOMBRE PERSONAL
Nombre de persona Ruvalcaba, Eusebio,
Fechas asociadas al nombre 1951-2017
9 (RLIN) 32647
245 10 - MENCIÓN DE TÍTULO
Título Adrenalina
250 ## - MENCIÓN DE EDICIÓN
Mención de edición Primera edición
260 ## - PUBLICACIÓN, DISTRIBUCIÓN, ETC.
Lugar de publicación, distribución, etc. Ciudad de México :
Nombre del editor, distribuidor, etc. Lectorum,
Fecha de publicación, distribución, etc. 2017.
300 ## - DESCRIPCIÓN FÍSICA
Extensión 168 páginas :
Otras características físicas ilustraciones a color
650 #2 - ASIENTO SECUNDARIO DE MATERIA - TERMINO TEMATICO
9 (RLIN) 11486
Término de materia o nombre geográfico como elemento de entrada Conducta sexual
Subdivisión de forma Novela
650 #2 - ASIENTO SECUNDARIO DE MATERIA - TERMINO TEMATICO
9 (RLIN) 10081
Término de materia o nombre geográfico como elemento de entrada Erotismo
700 1# - ASIENTO SECUNDARIO--NOMBRE DE PERSONAL
Nombre de persona Núñez Pérez, Celestino,
Fechas asociadas al nombre 1973-
Término indicativo de función/relación ilustraciones
9 (RLIN) 48379
902 ## - ELEMENTOS DE DATOS B LOCAL, LDB (RLIN)
Modificó NoemiAcosta/170323
905 ## - TIPO DE MATERIAL
Tipo de material Libro
942 ## - ELEMENTOS DE PUNTO DE ACCESO ADICIONAL (KOHA)
Suprimir en OPAC No
Fuente del sistema de clasificación o colocación Library of Congress Classification
Tipo de ítem Koha Libro
Holdings
Estado de retiro Estado de pérdida Fuente del sistema de clasificación o colocación Estado dañado No para préstamo Código de colección Localización permanente Ubicación/localización actual Ubicación en estantería Fecha de adquisición Clasificación Código de barras Fecha visto por última vez Tipo de ítem Koha
    Library of Congress Classification     Colección General Bib. Gregorio Torres Quintero Bib. Gregorio Torres Quintero Planta baja 17/03/2023 PQ7298.28 U8 A37 2017 332735 31/12/2020 Libro